[Event "CFriend AP-2004-Q-00006 email"]
[Site "Chessfriend.com"]
[Date "2004.02.19"]
[Round "?"]
[White "Buchholz, Otto"]
[Black "Schiller, Wilfried"]
[Result "0-1"]
[WhiteElo "1700"]
[BlackElo "2285"]
[PlyCount "40"]
[EventDate "2004.??.??"]
[EventType "tourn (corr)"]
[EventRounds "12"]
[SourceTitle "Corr 2008"]
[Source "ChessBase"]
[SourceDate "2008.06.24"]
[SourceVersion "1"]
[SourceVersionDate "2008.06.24"]
[SourceQuality "1"]

1. d4 Nf6 2. e3 g6 3. f4 Bg7 4. Nf3 c5 5. Be2 cxd4 6. exd4 d6 7. c3 0-0 8. 0-0 Bg4 9. Nbd2 e6 10. h3 Bxf3 11. Bxf3 d5 12. Qb3 Qc7 13. Be2 Nc6 14. Nf3 Nh5 15. Ne5 Ng3 16. Rf2 Nxe2+ 17. Rxe2 Rab8 18. Be3 b5 19. Rc1 Na5 20. Qd1 Nc4 0-1

[Event "CFriend AP-2004-Q-00006 email"]
[Site "Chessfriend.com"]
[Date "2004.02.19"]
[Round "?"]
[White "Buchholz, Otto"]
[Black "Taffijn, Aadrian"]
[Result "0-1"]
[WhiteElo "1700"]
[BlackElo "1729"]
[PlyCount "28"]
[EventDate "2004.??.??"]
[EventType "tourn (corr)"]
[EventRounds "12"]
[SourceTitle "Corr 2008"]
[Source "ChessBase"]
[SourceDate "2008.06.24"]
[SourceVersion "1"]
[SourceVersionDate "2008.06.24"]
[SourceQuality "1"]

1. d4 Nf6 2. e3 c5 3. c3 e6 4. f4 d5 5. Nf3 Nc6 6. Be2 cxd4 7. exd4 Bd6 8. 0-0 0-0 9. Ne5 Qb6 10. Qb3 Qc7 11. Be3 Ne4 12. Nd2 Nxd2 13. Bxd2 f6 14. Nd3 Na5 0-1